|
|
|
|
| LEADER |
00000nam a2200000 a 4500 |
| 005 |
20120119104030.0 |
| 007 |
cr|||| |||| |
| 008 |
990412s1998 sp |||||| 000 ||spa|c |
| 020 |
|
|
|a 8470886843
|
| 035 |
|
|
|a 6080
|
| 040 |
|
|
|d vLex
|
| 090 |
|
|
|c 2929
|d 2929
|
| 245 |
0 |
0 |
|a Administraciones pb︢licas y constitucin̤
|h [Recurso electrn̤ico] :
|b reflexiones sobre el XX aniversario de la constitucin̤ espaǫla de 1978 /
|c coordinacin̤: Enrique ℓlvarez Conde
|
| 256 |
|
|
|a Servicio en ln̕ea
|
| 260 |
|
|
|a [Madrid ] :
|b Instituto Nacional de Administracin̤ Pb︢lica,
|c DL 1998
|
| 300 |
|
|
|a 1 recurso electrn̤ico
|
| 506 |
1 |
|
|a Contenido solo disponible en los productos indicados
|d vLex Global
|d vLex Global (Academic Edition, excluding Law Schools)
|d vLex Global (U.S. Academic Edition, Law Schools)
|d vLex Global (U.S. Academic Edition, excluding Law Schools)
|d vLex Global (Academic Edition, Law Schools)
|
| 610 |
1 |
4 |
|a Espaą.
|t Constitucin̤ (1978)
|x Interpretacin̤
|
| 650 |
0 |
4 |
|a Administracin̤ pb︢lica
|z Espaą
|
| 650 |
0 |
4 |
|a Derecho constitucional
|
| 700 |
1 |
|
|a ℓlvarez Conde, Enrique
|
| 740 |
0 |
|
|a vLex Libros (Servicio en ln̕ea)
|
| 856 |
4 |
0 |
|u http://vlex.com/source/administraciones-publicas-constitucion-reflexiones-xx-aniversario-constitucion-espa-ola-1978-6080
|z Acceso restringido
|
| 942 |
|
|
|c BOOK
|
| 999 |
0 |
|
|a Public administration
|
| 999 |
0 |
|
|a Civil law
|